[Event "Ruhrgebiet Verbandsklasse Gruppe 3 1617"]
[Site "Germany"]
[Date "2016.10.30"]
[Round "3.8"]
[White "Sanders, Cedric"]
[Black "Fattah, Samir"]
[Result "1-0"]
[WhiteElo "1649"]
[BlackElo "1802"]
[PlyCount "81"]
[EventDate "2016.09.04"]
[EventType "team-tourn"]
[EventRounds "9"]
[EventCountry "GER"]
[SourceTitle "EXT 2022"]
[Source "ChessBase"]
[SourceDate "2021.10.06"]
[SourceVersion "1"]
[SourceVersionDate "2021.10.06"]
[SourceQuality "1"]
[WhiteTeam "Borbeck Weisse Dame II"]
[BlackTeam "Katernberg SF IV"]
[WhiteTeamCountry "GER"]
[BlackTeamCountry "GER"]

1. c4 c5 2. Nc3 Nf6 3. g3 g6 4. Bg2 Bg7 5. e3 0-0 6. Nge2 Nc6 7. d4 cxd4 8. exd4 d6 9. h3 e6 10. 0-0 h6 11. Bf4 a6 12. Qd2 Kh7 13. Be3 Ne8 14. f4 Ne7 15. g4 Qc7 16. b3 f5 17. Rad1 Bd7 18. d5 fxg4 19. hxg4 exd5 20. Nxd5 Nxd5 21. Qxd5 Bc6 22. Qd3 Bxg2 23. Kxg2 Qc6+ 24. Kg3 Nf6 25. Nd4 Ne4+ 26. Kh3 Bxd4 27. Bxd4 Rae8 28. f5 gxf5 29. Rxf5 Rxf5 30. gxf5 Qd7 31. Rf1 d5 32. Kh4 Qe7+ 33. f6 Qd6 34. Qh3 Rg8 35. Qf5+ Rg6 36. Be5 Qf8 37. Rg1 Ng5 38. cxd5 Qf7 39. Rc1 Qxd5 40. Kh5 Qg8 41. Rc8 1-0